Statistics for Muse Lyrics Quiz

Click here to take the quiz!

General Stats

  • This quiz has been taken 230 times
  • The average score is 12 of 26

Answer Stats

LyricsSong% Correct
I have finally seen the light, And I have finally realized, What you meanMadness
85%
Don't waste your time, Or time will waste youKnights of Cydonia
83%
Don't confuse, Baby you're gonna lose, Your own gamePlug In Baby
78%
You're something beautiful, A contradictionTime Is Running Out
74%
It's holding me, morphing me, And forcing me to striveHysteria
71%
Ooh, you set my soul alightSupermassive Black Hole
65%
Everything about you is so easy to love, They're watching you from aboveBliss
63%
No, it doesn't change. And you can't resist, Making me feel, Eternally missedEternally Missed
55%
Counter balance this commotion We're not droplets in the oceanUnnatural Selection
55%
You're still nothing to me, And this is nothing to meUno
54%
You make me sick, Because I adore you soSpace Dementia
49%
Leave me alone, I must disassociate from youThe Handler
41%
It's a shame we're all dying, And do you think you deserve your freedom?Soldier's Poem
38%
Lose control, Increasing pace, Warped and bewitched, Time to eraseAssassin
37%
There's a part of me you'll never know, The only thing I'll never showEndlessly
37%
You're so happy now, Burning a candle at both endsFury
34%
But please, please, Let's use this chance, To turn things aroundInvincible
31%
For we are opposed around the world, By a monolithic and ruthless conspiracy that relies primarily on covert means, For expanding its sphere of influenceJFK
30%
Energy continuously flows from being concentrated to becoming dispersed spread out, wasted and uselessThe 2nd Law: Unsustainable
30%
Nothing will change, Our cause has gone insaneUnited States of Eurasia
30%
Just suck and see, A future that won't let you disagree, And I won't miss you at allFuturism
25%
And you used to be everything to me, And now you're tired of fightingDead Star
23%
You'll not rest, Settle for less, Until you guzzle, And squander what's leftCity Of Delusion
22%
Promise to hold you close and pray, Watching the fantasies decay, Nothing will ever stay the sameFalling Away With You
18%
But we had a dream, And it was meant to be, And we were kissing gods, Against all the oddsCrying Shame
14%
Who are we? Where are we? When are we? Why are we? Who are we? Where are we? Why, why, why?Exogenesis Part 1
8%

Score Distribution

Percentile by Number Answered

Percent of People with Each Score

Your Score History

You have not taken this quiz